Normal view
MARC view
- FRONTIERS OF PAKISTAN.A STUDY OF FRONTIER PROBLEMS IN PAKISTAN FOREIGN POLICY
Entry Topical Term
001 - CONTROL NUMBER
- control field: 63873
003 - CONTROL NUMBER IDENTIFIER
- control field: NUST
005 - DATE AND TIME OF LATEST TRANSACTION
- control field: 20210628203205.0
008 - FIXED-LENGTH DATA ELEMENTS
- fixed length control field: 210628|| aca||aabn | a|a d
040 ## - CATALOGING SOURCE
- Original cataloging agency: NUST
- Transcribing agency: NUST
150 ## - HEADING--TOPICAL TERM
- Topical term or geographic name entry element: FRONTIERS OF PAKISTAN.A STUDY OF FRONTIER PROBLEMS IN PAKISTAN FOREIGN POLICY
670 ## - SOURCE DATA FOUND
- Source citation: Work cat.: (NUST): RAZVI, S. M. MUJTABA DR 63872, FRONTIERS OF PAKISTAN A STUDY OF FRONTIER PROBLEMS IN PAKISTAN FOREIGN POLICY, 1971
